5HLuxD.jpg

KING HENRY VIII SENIOR AND PRIMARY SCHOOL LIBRARY OPAC

THE TOTALLY DISGUSTING BOOKS OF GRUESOME FACTS (Record no. 4972)

000 -LEADER
fixed length control field 00348nam a22001217a 4500
008 - FIXED-LENGTH DATA ELEMENTS--GENERAL INFORMATION
fixed length control field 250428b ||||| |||| 00| 0 eng d
020 ## - INTERNATIONAL STANDARD BOOK NUMBER
International Standard Book Number 9781837716838
082 ## - DEWEY DECIMAL CLASSIFICATION NUMBER
Classification number 032 AUT
100 ## - MAIN ENTRY--PERSONAL NAME
Personal name DICKER,KATIE
Relator term PUBLISHER
245 ## - TITLE STATEMENT
Title THE TOTALLY DISGUSTING BOOKS OF GRUESOME FACTS
260 ## - PUBLICATION, DISTRIBUTION, ETC.
Place of publication, distribution, etc. COTTAGE FARM NN6 0BJ,UK
Name of publisher, distributor, etc. AUTUMN PUBLISHING
Date of publication, distribution, etc. 2023
942 ## - ADDED ENTRY ELEMENTS (KOHA)
Source of classification or shelving scheme
Holdings
Withdrawn status Lost status Source of classification or shelving scheme Damaged status Not for loan Collection code Permanent Location Current Location Shelving location Date acquired Total Checkouts Full call number Barcode Date last seen Date last checked out Price effective from Koha item type Public note
          Fiction KH8 Primary School Library KH8 Primary School Library Fiction 2025-04-28 4 032 AUT KHPL000006926 2025-12-05 2025-10-06 2025-04-28 Books - Fiction KH8 PRIMARY LIBRARY

Powered By KH8 IT Dept